[Event "Cto de Aragon  Equipos Cat Preferente"]
[Site "Aragon"]
[Date "2010.01.30"]
[Round "2.34"]
[White "Perez Puyal Jose Joaquin"]
[Black "Bayod Rubia Angel"]
[Result "0-1"]
[WhiteElo "1909"]
[BlackElo "2025"]

1.e4 e5 2.d4 exd4 3.Qxd4 Nc6 4.Qe3 b6 5.Nc3 Bb7 6.Bd2 Nf6 7.O-O-O Bc5 8.Qg3
O-O 9.Bd3 Nb4 10.Bg5 Nxd3+ 11.Rxd3 Be7 12.Nf3 Nxe4 13.Nxe4 Bxe4 14.Bxe7 Qxe7
15.Re1 f5 16.Nd2 Qf7 17.Nxe4 fxe4 18.Rxe4 d6 19.Rg4 g6 20.Rf3 Qe6 21.Re3 Qf7
22.Rf3 Qe6 23.Re3 Qf7 24.f3 Rae8 25.Ree4 Rxe4 26.Rxe4 Qxa2 27.b3 Qa1+ 28.Kd2
Rf5 29.Qh4 Rd5+ 30.Ke2 Qd1+ 31.Ke3 Qd2# 0-1

[Event "Cto de Aragon  Equipos Cat Preferente"]
[Site "Aragon"]
[Date "2010.01.30"]
[Round "2.35"]
[White "Galve Guinea Alejandro"]
[Black "Yanez Acin Gonzalo"]
[Result "1-0"]
[WhiteElo "1977"]
[BlackElo "1895"]

1.d4 Nf6 2.c4 e5 3.dxe5 Ng4 4.e4 Nxe5 5.f4 Bb4+ 6.Bd2 Bxd2+ 7.Qxd2 Nec6 8.Nf3
d6 9.Bd3 Bg4 10.O-O O-O 11.Nc3 Nd7 12.Nd5 Ne7 13.Nd4 Nxd5 14.cxd5 Nc5 15.f5
Qf6 16.Nc2 Rae8 17.Rad1 Qxb2 18.h3 Bh5 19.g4 Qe5 20.Kg2 Bg6 21.fxg6 fxg6 22.
Qe2 a6 23.Na1 Rxf1 24.Qxf1 Rf8 25.Qe2 g5 26.Nb3 b5 27.Nxc5 dxc5 28.Rf1 Rf4 29.
Rxf4 gxf4 30.h4 h6 31.h5 c4 32.Bb1 Kf7 33.Kf3 Kf6 34.Qd2 Kg5 35.Qc1 a5 36.a4
Qd6 37.axb5 a4 38.Ba2 c3 39.Qxc3 Qd7 40.Qe5+ Kh4 41.Qxf4 Qe7 42.d6 cxd6 43.g5+
Kxh5 44.Bf7+ Qxf7 1-0

[Event "Cto de Aragon  Equipos Cat Preferente"]
[Site "Aragon"]
[Date "2010.01.30"]
[Round "2.36"]
[White "Uldemolins Nivela Mateo"]
[Black "Requena Munguira Jorge"]
[Result "0-1"]
[WhiteElo "1724"]
[BlackElo "1900"]

1.e4 c6 2.d4 d5 3.exd5 cxd5 4.Bd3 Nc6 5.c3 Nf6 6.Bf4 e6 7.Nf3 Be7 8.O-O Bd7 9.
Nbd2 a6 10.Ne5 b5 11.Nxc6 Bxc6 12.Nf3 Qb6 13.Ne5 Rc8 14.Qd2 b4 15.Rfb1 O-O 16.
Qe1 Bb5 17.Bd2 Bxd3 18.Nxd3 Ne4 19.a3 Nxd2 20.Qxd2 bxc3 21.bxc3 Qa5 22.Nb4 Rc4
23.Rb3 Rfc8 24.Rab1 Qa4 25.Nc2 Qa5 26.Nb4 Bd8 27.g3 h6 28.Kg2 Qa4 29.Nc2 Qc6
30.Nb4 Qd6 31.Nd3 Be7 32.Nc5 a5 33.Rb6 Rc6 34.Rb8+ Kh7 35.Ra8 Rb6 36.Qd3+ g6
37.Rxa5 Rxb1 38.Qxb1 Rxc3 39.Qb2 Rc4 40.Rb5 Kg7 41.Rb6 Qd8 42.a4 Bf6 43.Nb7
Qc7 44.Qb5 Bxd4 45.Ra6 Rc2 46.Na5 Rxf2+ 47.Kh3 Qc2 48.Qb3 Qf5+ 49.g4 Rf3+ 50.
Kh4 Qg5# 0-1

[Event "Cto de Aragon  Equipos Cat Preferente"]
[Site "Aragon"]
[Date "2010.01.30"]
[Round "2.37"]
[White "Chueca Forcen Alberto"]
[Black "Antonano Fernandez Avelino"]
[Result "1-0"]
[WhiteElo "2276"]
[BlackElo "2137"]

1.d4 e6 2.c4 f5 3.g3 Nf6 4.Bg2 c6 5.Nf3 d5 6.O-O Bd6 7.b3 O-O 8.Ba3 Ne4 9.Qc2
Bxa3 10.Nxa3 Qe7 11.Qb2 Bd7 12.Nc2 Be8 13.Nce1 Bh5 14.Ne5 Nd7 15.Nxd7 Qxd7 16.
Nd3 Nd6 17.Rac1 g5 18.e3 Rf6 19.f4 h6 20.Ne5 Qg7 21.Qa3 Ne4 22.Bxe4 fxe4 23.
fxg5 Qxg5 24.Rxf6 Qxf6 25.g4 Bg6 26.Rf1 Qg5 27.Rf4 Kg7 28.Qd6 Re8 29.Nd7 Re7
30.h4 1-0

[Event "Cto de Aragon  Equipos Cat Preferente"]
[Site "Aragon"]
[Date "2010.01.30"]
[Round "2.38"]
[White "Juberias Segura Santiago"]
[Black "Palacios Latasa Elias"]
[Result "0-1"]
[WhiteElo "2111"]
[BlackElo "2205"]

1.c4 e5 2.g3 Nf6 3.Bg2 Nc6 4.Nc3 Bb4 5.Nd5 Nxd5 6.cxd5 Ne7 7.Qb3 Bd6 8.Nf3 c6
9.e4 cxd5 10.exd5 O-O 11.O-O b6 12.d4 e4 13.Ne5 Ba6 14.Re1 f5 15.f3 exf3 16.
Bxf3 Rc8 17.Bg5 Re8 18.Qa4 Bb7 19.Nc4 Qc7 20.Nxd6 Qxd6 21.Bf4 Qf6 22.Be5 Qf7
23.Qxd7 Bxd5 24.Rf1 Bxf3 25.Rxf3 Qd5 26.Qxd5+ Nxd5 27.Rxf5 Rc2 28.Rf2 Rec8 29.
Raf1 Ne3 30.Rxc2 Rxc2 31.Re1 Ng4 32.d5 Nxh2 33.Re4 Nf3+ 34.Kh1 Rh2# 0-1

[Event "Cto de Aragon  Equipos Cat Preferente"]
[Site "Aragon"]
[Date "2010.01.30"]
[Round "2.39"]
[White "Hernando Garcia Antonio"]
[Black "Pellicer Abella Emilio"]
[Result "1-0"]
[WhiteElo "2203"]
[BlackElo "1807"]

1.Nf3 Nf6 2.c4 e6 3.Nc3 d5 4.cxd5 exd5 5.d4 c6 6.Bg5 Be7 7.Qc2 h6 8.Bh4 g6 9.
e3 Bf5 10.Bd3 Bxd3 11.Qxd3 Nbd7 12.O-O Ng4 13.Bxe7 Qxe7 14.Rfc1 f5 15.b4 Nb6
16.b5 Nc4 17.bxc6 bxc6 18.Rab1 O-O 19.Rb3 Rab8 20.Rcb1 Rxb3 21.axb3 Nd6 22.h3
Qf7 23.Nd1 Nf6 24.Ne5 Qe8 25.Qa6 Nf7 26.Nxg6 Qe4 27.Rc1 Rb8 28.Qxc6 Kg7 29.Nf4
Rxb3 30.Ne6+ Kg6 31.Nc5 Rb6 32.Nxe4 Rxc6 33.Rxc6 fxe4 34.Nc3 1-0

[Event "Cto de Aragon  Equipos Cat Preferente"]
[Site "Aragon"]
[Date "2010.01.30"]
[Round "2.40"]
[White "Solanas Godes Beatriz"]
[Black "Sarto Ramos Angel"]
[Result "0-1"]
[WhiteElo "1799"]
[BlackElo "1962"]

1.e4 Nc6 2.d4 d5 3.e5 Bf5 4.Nf3 e6 5.Nbd2 Nb4 6.Bb5+ c6 7.Ba4 b5 8.Bb3 c5 9.a3
Nc6 10.c3 Qb6 11.Nh4 Bd3 12.Ndf3 c4 13.Bc2 Bxc2 14.Qxc2 Nge7 15.O-O h6 16.g3
g5 17.Ng2 Ng6 18.Ne3 Be7 19.Ng4 Qd8 20.Re1 a5 21.b3 a4 22.bxc4 dxc4 23.Rb1 Rb8
24.Qe4 Qd5 25.Qxd5 exd5 26.Nf6+ Bxf6 27.exf6+ Kd8 28.Re2 Re8 29.Rxe8+ Kxe8 30.
Bb2 Kd7 31.Kf1 Ke6 32.Bc1 Kxf6 33.h4 g4 34.Ne1 h5 35.f3 Kf5 36.fxg4+ Kxg4 37.
Kf2 Kf5 38.Ng2 Ke4 39.Ne3 Nge7 40.Ke2 Nf5 41.Nxf5 Kxf5 42.Kf3 Rb7 43.Bf4 f6
44.Bd6 Nd8 45.Re1 Ne6 46.Rg1 Rb6 47.Be7 Rb7 48.Bd6 Rd7 49.Bb4 Rg7 50.Rb1 Rb7
51.Bd6 Ng7 52.Re1 Kg6 53.Kf4 Rb6 54.Bc5 Ne6+ 55.Kf3 Nxc5 56.dxc5 Rc6 57.g4
hxg4+ 58.Kxg4 Rxc5 59.h5+ Kg7 60.Rh1 Rc7 61.h6+ Kg6 62.Rh5 Rd7 63.h7 Rxh7 64.
Rxd5 f5+ 65.Kg3 Kg5 66.Rxb5 Rd7 67.Rb4 Rd3+ 68.Kf2 Rxc3 69.Rxa4 Kf4 70.Ke2 Ke4
71.Kd2 Kd4 72.Ra8 Rd3+ 73.Kc2 f4 74.a4 Ra3 75.a5 f3 76.Rf8 Ke3 77.Re8+ Kf2 78.
Kd2 Rxa5 0-1

[Event "Cto de Aragon  Equipos Cat Preferente"]
[Site "Aragon"]
[Date "2010.01.30"]
[Round "2.41"]
[White "Laliena Solares Luis M"]
[Black "Hernandez Delgado Gabriel"]
[Result "0-1"]
[WhiteElo "2234"]
[BlackElo "2004"]

1.c4 e5 2.g3 Nf6 3.Bg2 Nc6 4.Nc3 Bc5 5.e3 O-O 6.Nge2 Re8 7.d3 d6 8.a3 a5 9.O-O
Bg4 10.h3 Bh5 11.Bd2 Bg6 12.Qc2 Qe7 13.Kh2 e4 14.dxe4 Nxe4 15.Nf4 Nxg3 16.Nxg6
Nxf1+ 17.Rxf1 hxg6 18.Nd5 Qd7 19.f4 Ne7 20.Rg1 Nf5 21.Be4 Rxe4 22.Qxe4 Re8 23.
Qd3 c6 24.b4 axb4 25.axb4 cxd5 26.bxc5 dxc4 27.Qxc4 Nxe3 28.Qd4 Nf5 29.Qd3 Qc6
30.cxd6 Qxd6 31.Qxd6 Nxd6 32.Bc3 Re2+ 33.Kh1 Re3 34.Be5 Nf5 35.Kh2 Rb3 36.Rc1
f6 37.Bb8 Rb2+ 38.Kg1 b5 39.Rc8+ Kf7 40.Ba7 b4 41.Bc5 b3 42.Rb8 Ke6 43.Ba3
Rb1+ 44.Kh2 Kd5 45.Rb7 Ke4 46.Bf8 Kf3 47.Bxg7 Nxg7 48.Rxg7 b2 49.Rb7 Kxf4 50.
Kg2 Ke3 51.h4 f5 52.Rb6 f4 53.Rb3+ Ke4 54.Rb4+ Kf5 55.Rb5+ Kg4 56.Rb4 Kf5 57.
Rb5+ Ke4 58.Rb4+ Ke5 59.Rb5+ Kd4 60.Rb4+ Ke3 61.Rb3+ Ke2 62.Rb6 f3+ 63.Kh2 Ke3
64.Rb3+ Kf4 65.Rb6 Kf5 66.Rb3 Kg4 67.Rb4+ Kh5 68.Rb5+ Kxh4 69.Rb4+ Kh5 70.Rb5+
g5 71.Rb4 f2 0-1

[Event "Cto de Aragon  Equipos Cat Preferente"]
[Site "Aragon"]
[Date "2010.01.30"]
[Round "2.42"]
[White "De la Riva Fernandez Eduardo"]
[Black "Cobo Garrido Diego Israel"]
[Result "1/2-1/2"]
[WhiteElo "1997"]
[BlackElo "2014"]

1.e4 c5 2.Nf3 Nc6 3.d4 cxd4 4.Nxd4 Nf6 5.Nc3 e5 6.Nb3 Bb4 7.Bg5 Bxc3+ 8.bxc3
O-O 9.Bc4 Qe7 10.O-O d6 11.Qe2 Be6 12.Rfd1 a5 13.a4 Rac8 14.Bd5 Qc7 15.Bxf6
gxf6 16.Bxe6 fxe6 17.Qg4+ Kf7 18.Qh5+ Kg7 19.Rd3 Rg8 20.Rad1 Rcd8 21.Qg4+ Kf7
22.Qh5+ Kg7 23.Qg4+ Kf7 24.Qh5+ Kf8 25.Qh6+ Qg7 26.Qxg7+ Rxg7 27.Rxd6 Rxd6 28.
Rxd6 Ke7 29.Rd3 b6 30.Nd2 Nb8 31.Nc4 Nd7 32.Rd6 Rg8 33.Rc6 Rb8 34.f3 b5 35.
axb5 Rxb5 36.Ra6 Rc5 37.Nxa5 Rxc3 38.Nc6+ Kf7 39.Ra7 Ke8 40.Nb4 Rc4 41.Rb7 Nc5
42.Rc7 Kd8 43.Na6 Ra4 44.Rxc5 Rxa6 45.Kf2 Kd7 46.Ke2 Ra1 47.Rb5 Rg1 48.Rb7+
Kd6 49.Rg7 h5 50.h3 f5 51.exf5 exf5 52.Kd2 h4 53.Rg6+ Kd5 54.Ke2 Rc1 55.Kf2
Rxc2+ 56.Kg1 Rc1+ 57.Kf2 Rc2+ 58.Kg1 Rc1+ 1/2-1/2

[Event "Cto de Aragon  Equipos Cat Preferente"]
[Site "Aragon"]
[Date "2010.01.30"]
[Round "2.43"]
[White "Sanz Lopez Ruben"]
[Black "Correas Marcen Jose Maria"]
[Result "1-0"]
[WhiteElo "1897"]
[BlackElo "1989"]

1.d4 d5 2.Nf3 Nf6 3.Bg5 Ne4 4.Bf4 c5 5.e3 Nc6 6.Nbd2 cxd4 7.exd4 Bg4 8.h3 Nxd2
9.Qxd2 Bxf3 10.gxf3 Qb6 11.c3 g6 12.O-O-O O-O-O 13.Kb1 Bg7 14.Qc2 e5 15.dxe5
Bxe5 16.Bxe5 Nxe5 17.f4 Nc4 18.Ka1 Rhe8 19.Bg2 Qb5 20.Rhe1 Nb6 21.Rxe8 Rxe8
22.Bf3 Kb8 23.b3 Qc5 24.Qd2 Rc8 25.Kb2 f5 26.Qd4 Qc7 27.Rd3 Re8 28.Re3 Rxe3
29.fxe3 Qd7 30.Kc2 Kc8 31.a4 Qd6 32.a5 Nd7 33.Qxd5 Qa3 34.Qxb7+ Kd8 35.Qa8+
Ke7 36.Qxa7 Qa2+ 37.Kd3 Qb1+ 38.Ke2 Qc2+ 39.Kf1 Qxc3 40.a6 Qc1+ 41.Kf2 Qb2+
42.Be2 g5 43.fxg5 Qe5 44.Qb7 f4 45.Qb4+ Nc5 46.Qxf4 Ne4+ 47.Kg2 Qd5 48.Qc7+
Kf8 49.Qf4+ Nf6+ 50.Kf2 1-0

[Event "Cto de Aragon  Equipos Cat Preferente"]
[Site "Aragon"]
[Date "2010.01.30"]
[Round "2.44"]
[White "Gimeno Garcia David"]
[Black "Gimeno Diaz Fernando"]
[Result "1-0"]
[WhiteElo "1515"]
[BlackElo "1896"]

1.d4 Nf6 2.c4 g6 3.Nc3 Bg7 4.Nf3 O-O 5.Bg5 d6 6.e3 h6 7.Bh4 c6 8.Bd3 Nbd7 9.
Qc2 e5 10.O-O Qe8 11.Rad1 Nh7 12.Ne4 Qe6 13.d5 cxd5 14.cxd5 Qxd5 15.Bc4 Qa5
16.Nxd6 Nb6 17.Be7 Nxc4 18.Nxc4 Qc7 19.Bxf8 Bxf8 20.Rc1 Be6 21.Ncxe5 Qa5 22.a3
Bg7 23.Qc5 Qa4 24.Nd4 Bf8 25.Qc2 Qxc2 26.Rxc2 Bd5 27.Rfc1 Bd6 28.Rc8+ Rxc8 29.
Rxc8+ Kg7 30.Rd8 Bxe5 31.Rxd5 Bf6 32.Rd7 Ng5 33.Rxb7 a5 34.Ra7 Ne4 35.Rxa5 Nd2
36.Rc5 Bxd4 37.exd4 Nb3 38.Rc4 Nd2 39.Rc2 Nb3 40.d5 Nd4 41.d6 Nxc2 42.d7 1-0

[Event "Cto de Aragon  Equipos Cat Preferente"]
[Site "Aragon"]
[Date "2010.01.30"]
[Round "2.45"]
[White "Aparicio Navarro Pedro Jose"]
[Black "Ansola Marquinez Alberto"]
[Result "1-0"]
[WhiteElo "2203"]
[BlackElo "2147"]

1.Nf3 e6 2.c4 f5 3.d4 Nf6 4.Bg5 Bb4+ 5.Nfd2 h6 6.Bxf6 Qxf6 7.e3 c5 8.Nc3 cxd4
9.exd4 Qxd4 10.Qh5+ Kf8 11.Rc1 Nc6 12.Be2 Ne5 13.Nf3 Qf4 14.O-O Nxf3+ 15.Bxf3
Qg5 16.Qh3 Rb8 17.a3 Bxc3 18.Rxc3 b6 19.Rd1 Ke7 20.Rcd3 Rd8 21.Rd6 Bb7 22.Bxb7
Rxb7 23.Qd3 Qf6 24.b4 Qe5 25.h4 Rc7 26.g3 Qe4 27.Qc3 Qg4 28.c5 f4 29.R1d4 bxc5
30.Rxf4 Qe2 31.bxc5 Rg8 32.Qb4 g5 33.hxg5 hxg5 34.c6 dxc6 35.Rxc6+ Ke8 36.Qb8+
Ke7 37.Qxc7+ 1-0

[Event "Cto de Aragon  Equipos Cat Preferente"]
[Site "Aragon"]
[Date "2010.01.30"]
[Round "2.46"]
[White "Garcia Asenjo Antonio"]
[Black "Lana Rodriguez David"]
[Result "1-0"]
[WhiteElo "2023"]
[BlackElo "2177"]

1.e4 c5 2.Nf3 Nc6 3.Nc3 d6 4.d4 cxd4 5.Nxd4 e5 6.Nb3 f5 7.Bc4 Nf6 8.Bg5 Be7 9.
Bxf6 Bxf6 10.Qd5 Rf8 11.O-O-O Be7 12.Rhe1 a6 13.a3 Bd7 14.exf5 Bxf5 15.f4 Bg4
16.Rd3 Rxf4 17.Qg8+ Bf8 18.h3 Qh4 19.g3 Ne7 20.gxh4 Nxg8 21.Bxg8 Bf5 22.Nd5
Bxd3 23.Nxf4 Bf5 24.Ne6 Rc8 25.c3 Kd7 26.Nxf8+ Rxf8 27.Bd5 b6 28.Rg1 g6 29.Bg2
Be6 30.Nd2 d5 31.Rf1 Rf5 32.Nf3 Rh5 33.Rd1 Kd6 34.Ng5 Bg8 35.Ne4+ Ke7 36.Nf2
e4 37.Kd2 Rxh4 38.Ke3 Be6 39.Rd4 b5 40.b3 Rh5 41.Bf1 Rf5 42.Be2 Rf8 43.c4 dxc4
44.bxc4 bxc4 45.Rxe4 Kd6 46.Bxc4 Bf5 47.Rh4 Rc8 48.Kd4 h5 49.Ne4+ Kc6 50.Bd5+
Kd7 51.Nc5+ Kd6 52.Nxa6 Rc1 53.Bb3 Ke7 54.Nc5 Rf1 55.Ke3 Kd6 56.Ne4+ Ke5 57.
Ng3 Re1+ 58.Kd2 Rb1 59.Bc2 Bxc2 60.Kxc2 Ra1 61.Re4+ Kd5 62.Re3 Kc4 63.Kb2 Rd1
64.Rc3+ Kb5 65.Ne4 Rd4 66.Rb3+ Kc6 67.Rb4 Rd3 68.h4 Rh3 69.Ng5 Rg3 70.a4 Rg2+
71.Kc3 Rg3+ 72.Kd2 Rg2+ 73.Ke3 Kc5 74.Re4 Kd5 75.Kf3 Ra2 76.Kf4 Rg2 77.Re5+
Kc6 78.Kf3 Rg1 79.Kf2 Ra1 80.a5 Ra4 81.Kg3 Kd7 82.Ne4 Ra1 83.Kf4 Rg1 84.Rg5
Ra1 85.Rd5+ Ke7 86.Ke5 Ra4 87.Rb5 Kd8 88.Kf4 Ke8 89.Re5+ Kf7 90.Kg5 Kg7 91.Nf6
Kf7 92.Nxh5 gxh5 93.Kxh5 Kf6 94.Rb5 Kg7 95.Kg5 Ra1 96.Rb7+ Kg8 97.Kg6 Rg1+ 98.
Kh6 Ra1 99.Rb5 Ra2 100.h5 Ra1 101.Kg6 Rg1+ 102.Rg5 Ra1 103.h6 Kh8 104.Kf7 Kh7
105.Rh5 Re1 106.Kf6 Re2 107.Re5 Ra2 108.Ke6 Kxh6 109.Kd6 Kg6 110.Kc6 Kf6 111.
Rb5 Ke7 112.Kb7 Rd2 113.Rc5 Rb2+ 114.Kc7 Ra2 115.Re5+ Kf6 116.Rb5 Ke6 117.Rb6+
Kd5 118.a6 Kc5 119.Kb7 Rh2 120.Rc6+ Kb5 121.a7 Rh7+ 122.Rc7 1-0

[Event "Cto de Aragon  Equipos Cat Preferente"]
[Site "Aragon"]
[Date "2010.01.30"]
[Round "2.47"]
[White "Munoz Munoz Juan Carlos"]
[Black "Argueso Pascual Jorge"]
[Result "1/2-1/2"]
[WhiteElo "2129"]
[BlackElo "1997"]

1.d4 d5 2.Nf3 Nf6 3.c4 e6 4.Bg5 Be7 5.Nc3 O-O 6.e3 Nbd7 7.cxd5 exd5 8.Bd3 c6
9.O-O Re8 10.Qc2 h6 11.Bh4 Ne4 12.Bxe7 Qxe7 13.Rab1 Ndf6 14.b4 Nxc3 15.Qxc3
Ne4 16.Qc2 a6 17.a4 Bd7 18.Ne5 Rac8 19.Bxe4 dxe4 20.Qc5 Be6 21.Qxe7 Rxe7 22.
Rfc1 Rec7 23.a5 g5 24.Nc4 Bxc4 25.Rxc4 Rd8 26.Rbc1 Rd5 27.Rc5 Rcd7 28.f3 f5
29.fxe4 fxe4 30.Rf1 Kg7 31.Rf5 Rxf5 32.Rxf5 Rd5 33.Rf2 Rb5 34.Rb2 Rf5 35.Rc2
Rb5 36.Rc4 Kf6 37.Kf2 h5 38.Kg3 Kg6 39.h4 g4 40.Kf4 Rf5+ 41.Kxe4 Rf2 42.Rc5
Rxg2 43.Rg5+ Kh6 44.Kf4 Rf2+ 45.Ke5 Rf7 46.e4 Rg7 47.Rxg7 Kxg7 48.Kf4 Kf6
1/2-1/2

[Event "Cto de Aragon  Equipos Cat Preferente"]
[Site "Aragon"]
[Date "2010.01.30"]
[Round "2.48"]
[White "Ruiz Gutierrez Jose Manuel"]
[Black "Sanchez Moreno Jose Carlos"]
[Result "1-0"]
[WhiteElo "1899"]
[BlackElo "2001"]

1.c4 Nf6 2.Nf3 g6 3.g3 Bg7 4.Bg2 O-O 5.O-O d6 6.Nc3 Nc6 7.d3 e5 8.Rb1 a5 9.a3
Ne7 10.b4 axb4 11.Rxb4 h6 12.Bb2 Nd7 13.Qd2 f5 14.Rb1 g5 15.h4 gxh4 16.Nxh4
Nc5 17.Nf3 Nc6 18.Rb5 f4 19.gxf4 Rxf4 20.Nd5 Rg4 21.Ne3 Rg6 22.Kh2 Nd4 23.Bxd4
exd4 24.Nc2 Bg4 25.Qf4 Ne6 26.Qe4 Qf6 27.Rxb7 Bxf3 28.Bxf3 Nf4 29.Rb8+ Rxb8
30.Rxb8+ Kf7 31.Qe8# 1-0

[Event "Cto de Aragon  Equipos Cat Preferente"]
[Site "Aragon"]
[Date "2010.01.30"]
[Round "2.49"]
[White "Neila Castillo Miguel Angel"]
[Black "Villuendas Valero Adrian"]
[Result "0-1"]
[WhiteElo "2079"]
[BlackElo "2184"]

1.Nf3 d5 2.g3 Nf6 3.Bg2 c6 4.b3 Bf5 5.Bb2 e6 6.O-O h6 7.d3 Be7 8.Nbd2 O-O 9.c4
Nbd7 10.Qc2 Bh7 11.Qc3 Ne8 12.e4 Bf6 13.e5 Be7 14.cxd5 cxd5 15.Rac1 Qb6 16.d4
Bb4 17.Qe3 Nc7 18.Nh4 Be7 19.f4 Rac8 20.Nhf3 Qa6 21.a3 Nb5 22.a4 Na3 23.Rxc8
Rxc8 24.Rc1 Rxc1+ 25.Bxc1 Qc6 26.Bb2 Bb4 27.Bf1 Qc2 28.Bxa3 Bxa3 29.g4 Bb4 30.
Kf2 Be4 31.Kg3 Qc1 32.Kf2 Qc2 33.Kg3 Nb8 34.Nxe4 dxe4 35.Ne1 Qd1 36.Kf2 Bxe1+
37.Qxe1 Qf3+ 38.Kg1 Qxf4 39.Bg2 e3 40.Bxb7 Qxd4 41.Bf3 Nd7 42.Qd1 Nxe5 43.Be2
Qf4 44.Qf1 Qe4 45.Qd1 Kh7 46.Qf1 f5 47.gxf5 exf5 48.Qg2 Qb1+ 49.Qf1 Qxf1+ 50.
Kxf1 f4 51.Kg2 a5 52.b4 axb4 53.a5 Nc6 54.a6 Kg6 55.Bd3+ Kf6 56.Be4 Na7 57.Kf3
Ke5 58.Bg6 b3 59.h4 Kd4 60.Ke2 b2 61.h5 Nb5 62.Kf3 Nc7 63.a7 Kc5 0-1

[Event "Cto de Aragon  Equipos Cat Preferente"]
[Site "Aragon"]
[Date "2010.01.30"]
[Round "2.50"]
[White "Cantin Zaborras Valentin"]
[Black "Azaiez F"]
[Result "1-0"]
[WhiteElo "2117"]
[BlackElo "2014"]

1.e4 e6 2.d4 d5 3.Nd2 Nf6 4.e5 Nfd7 5.Bd3 c5 6.c3 Nc6 7.Ne2 cxd4 8.cxd4 f6 9.
exf6 Qxf6 10.Nf3 Bd6 11.Bg5 Qf7 12.O-O O-O 13.Bh4 h6 14.Bg3 e5 15.dxe5 Ndxe5
16.Nxe5 Nxe5 17.Bc2 Bg4 18.f3 Bd7 19.Bb3 Bc5+ 20.Bf2 Bxf2+ 21.Rxf2 Be6 22.Nd4
Rac8 23.Qe2 Nc6 24.Nxe6 Rce8 25.Qd2 Rxe6 26.Bxd5 Rd8 27.Bxe6 Qxe6 28.Qc3 Nd4
29.Re1 Qb6 30.Qe3 Qf6 31.Rd2 Nc6 32.Rxd8+ Nxd8 33.Qb3+ Nf7 34.Qxb7 Qd4+ 35.Kh1
Qf2 36.Qc8+ 1-0

[Event "Cto de Aragon  Equipos Cat Preferente"]
[Site "Aragon"]
[Date "2010.01.30"]
[Round "2.51"]
[White "Garcia Bueno Juan Pablo"]
[Black "Trenado Munoz Pedro"]
[Result "1-0"]
[WhiteElo "1855"]
[BlackElo "2081"]

1.e4 c5 2.Nc3 Nc6 3.g3 d6 4.Bg2 Nf6 5.h3 e5 6.d3 Be7 7.Nge2 Be6 8.f4 g6 9.O-O
h5 10.f5 gxf5 11.exf5 Bd7 12.Nd5 Nxd5 13.Bxd5 Bf6 14.Nc3 Qe7 15.Ne4 O-O-O 16.
c3 Rdg8 17.Be3 Nd8 18.b4 Bc6 19.Bxc6 Nxc6 20.bxc5 d5 21.Nd6+ Kb8 22.Rb1 Rxg3+
23.Kf2 Rhg8 24.Rxb7+ Qxb7 25.Nxb7 Bh4 26.Ke2 Kxb7 27.Qb3+ Kc7 28.Qxd5 Rg2+ 29.
Bf2 Be7 30.f6 Bf8 31.Qxf7+ Kc8 32.Qe8+ Kc7 33.f7 1-0

[Event "Cto de Aragon  Equipos Cat Preferente"]
[Site "Aragon"]
[Date "2010.01.30"]
[Round "2.52"]
[White "Valiente Roy Jose Javier"]
[Black "Garcia Valer Jesus V"]
[Result "1-0"]
[WhiteElo "2060"]
[BlackElo "1828"]

1.Nf3 d5 2.c4 e6 3.g3 Nf6 4.b3 c5 5.Bg2 Nc6 6.O-O Be7 7.Bb2 d4 8.e3 e5 9.exd4
exd4 10.Re1 O-O 11.d3 h6 12.Ne5 Nxe5 13.Rxe5 Qc7 14.Re1 Bf5 15.Qf3 Bc8 16.b4
Rb8 17.h3 b6 18.b5 Bb7 19.Qe2 Rfe8 20.Nd2 Bxg2 21.Kxg2 Bd6 22.Qf1 Qd7 23.Rxe8+
Rxe8 24.Re1 Re7 25.Nf3 Rxe1 26.Qxe1 Qf5 27.Qe2 g5 28.Bc1 Kg7 29.a4 g4 30.hxg4
Qxg4 31.Qd2 Qh5 32.Nh4 Ng4 33.Qe1 Ne5 34.Qe4 Kf6 35.Bf4 Ke6 36.Qd5+ Ke7 37.
Bxh6 Qg4 38.Bf8+ Kxf8 39.Qxd6+ 1-0

[Event "Cto de Aragon  Equipos Cat Preferente"]
[Site "Aragon"]
[Date "2010.01.30"]
[Round "2.53"]
[White "Cebrian Valverde Jose Antonio"]
[Black "Sierra Aguerri Joaquin"]
[Result "1/2-1/2"]
[WhiteElo "2189"]
[BlackElo "2014"]

1.d4 Nf6 2.c4 c5 3.e3 g6 4.dxc5 Na6 5.Nf3 Bg7 6.Nbd2 Nxc5 7.Be2 O-O 8.O-O d6
9.Nd4 a6 10.b4 Nce4 11.Bb2 Nxd2 12.Qxd2 Ne4 13.Qc2 f5 14.Rfd1 e5 15.Nf3 Qe7
16.Rac1 1/2-1/2

[Event "Cto de Aragon  Equipos Cat Preferente"]
[Site "Aragon"]
[Date "2010.01.30"]
[Round "2.54"]
[White "Vera Jimenez Andres"]
[Black "Gimeno Oteo Marco Antonio"]
[Result "0-1"]
[WhiteElo "2005"]
[BlackElo "2142"]

1.Nf3 Nf6 2.c4 g6 3.g3 Bg7 4.Bg2 O-O 5.O-O d6 6.Nc3 Nc6 7.a3 e5 8.d3 a5 9.Rb1
Ne7 10.Nd2 c6 11.b4 axb4 12.axb4 d5 13.Qc2 Be6 14.Na4 b6 15.c5 b5 16.Nb6 Ra7
17.e4 d4 18.Nb3 Nd7 19.Bg5 Bxb3 20.Qxb3 Nxb6 21.cxb6 Qxb6 22.Rfc1 h6 23.Bxe7
Rxe7 24.Qc2 Rc7 25.Ra1 h5 26.Qc5 Rb8 27.Ra8 Qxc5 28.Rxb8+ Qf8 29.Rxf8+ Bxf8
30.Rb1 Ra7 31.Bh3 Ra3 32.Bd7 Rc3 33.Kf1 Bd6 34.Ke2 Kf8 35.Kd2 Ke7 36.Bc8 Ra3
37.Rb2 Kd8 38.Bh3 Ra4 39.Kc2 Bxb4 40.Kb1 Kc7 41.Ra2 c5 42.Rxa4 bxa4 43.Bf1 Kb6
44.Be2 Ka5 45.f3 Be1 46.Bd1 Kb4 47.Kc2 a3 48.f4 h4 49.gxh4 exf4 50.h5 gxh5 51.
Bxh5 a2 52.Kb2 a1=Q+ 53.Kxa1 Kc3 54.Bxf7 Kxd3 55.e5 f3 56.e6 Bh4 57.Kb1 f2 0-1

[Event "Cto de Aragon  Equipos Cat Preferente"]
[Site "Aragon"]
[Date "2010.01.30"]
[Round "2.55"]
[White "Gutierrez Minguenza Ruben"]
[Black "Fernandez Rubio Rafael"]
[Result "1-0"]
[WhiteElo "2063"]
[BlackElo "1958"]

1.d4 Nf6 2.Nf3 g6 3.g3 Bg7 4.Bg2 O-O 5.c4 d6 6.O-O c6 7.Nc3 Nbd7 8.e4 e5 9.h3
Re8 10.Re1 Nh5 11.Be3 Nb6 12.b3 Qc7 13.Rc1 Bd7 14.c5 dxc5 15.dxe5 Bxe5 16.Nxe5
Qxe5 17.f4 Qe7 18.g4 Ng7 19.e5 Nc8 20.Ne4 b6 21.Nf6+ Kh8 22.Qxd7 Qxd7 23.Nxd7
Ne7 24.Nf6 Red8 25.Rcd1 Ne6 26.Rd6 Kg7 27.Red1 a5 28.Rxd8 Rxd8 29.Rxd8 Nxd8
30.Nd7 Nc8 31.f5 gxf5 32.gxf5 b5 33.Bxc5 a4 34.bxa4 bxa4 35.Kf2 Kh6 36.Be3+
Kg7 37.Bg5 1-0

[Event "Cto de Aragon  Equipos Cat Preferente"]
[Site "Aragon"]
[Date "2010.01.30"]
[Round "2.56"]
[White "Muro Turon Raul"]
[Black "Palomar Ramon Santiago"]
[Result "1/2-1/2"]
[WhiteElo "1809"]
[BlackElo "2042"]

1.e4 c5 2.c3 d6 3.Nf3 Nf6 4.Bd3 Nc6 5.Bc2 Bg4 6.d3 g6 7.Nbd2 Bg7 8.h3 Bd7 9.
O-O O-O 10.Re1 Qc7 11.Nf1 b5 12.Bf4 e5 13.Bg5 h6 14.Bxf6 Bxf6 15.Ne3 Ne7 16.
Qd2 Bg7 17.d4 Bc6 18.Rad1 Rad8 19.Qc1 Kh7 20.dxe5 dxe5 21.Rxd8 Rxd8 22.Rd1 Rd7
23.Rxd7 Qxd7 24.Qd2 Qxd2 25.Nxd2 Nc8 26.c4 a6 27.cxb5 axb5 28.Nb3 Bf8 29.Ng4
c4 30.Na5 Ba8 31.Nxe5 f6 32.Nec6 Bc5 33.Kf1 Kg8 34.e5 fxe5 35.Bxg6 Bd6 36.Ke2
Bc7 37.f3 Nd6 38.Kd2 Kg7 39.Bc2 b4 40.a3 bxa3 41.bxa3 Kf6 42.Kc3 Ke6 43.Ba4
Bb6 44.Nxc4 Nxc4 45.Kxc4 Kd6 46.Nb4 e4 47.fxe4 Bxe4 48.h4 h5 49.Be8 Bxg2 50.
Bxh5 Bd8 51.Kb5 Bf1+ 52.Ka4 Bxh4 53.Bf3 Kc7 54.Nd5+ Kb8 55.Nc3 Bd8 56.Nd5
1/2-1/2

[Event "Cto de Aragon  Equipos Cat Preferente"]
[Site "Aragon"]
[Date "2010.01.30"]
[Round "2.57"]
[White "Lahoz Gimeno Mauel"]
[Black "Martinez Asensio Juan Miguel"]
[Result "0-1"]
[WhiteElo "2002"]
[BlackElo "2140"]

1.e4 c5 2.Nc3 g6 3.g3 Bg7 4.Bg2 Nc6 5.d3 d6 6.Be3 Rb8 7.Qc1 b5 8.Nf3 Bd7 9.O-O
Qc8 10.Ne2 Nf6 11.Bh6 O-O 12.Bxg7 Kxg7 13.Qd2 e5 14.Nh4 h6 15.f4 b4 16.f5 g5
17.Nf3 Nh7 18.c3 f6 19.Rad1 bxc3 20.bxc3 Rd8 21.d4 cxd4 22.cxd4 Be8 23.d5 Nb4
24.a3 Na6 25.Rc1 Nc5 26.Ne1 Qa6 27.Nc2 Nb3 28.Qe3 Nxc1 29.Rxc1 Rdc8 30.Nb4 Qb6
31.Qxb6 Rxc1+ 32.Nxc1 Rxb6 33.Ncd3 Bb5 34.Bf1 Nf8 35.Nb2 a5 36.N4d3 Nd7 37.a4
Ba6 38.Nd1 Rb1 39.N3b2 Bxf1 40.Kxf1 Nc5 41.Ke2 Nxe4 42.Kd3 Nc5+ 43.Kc2 Ra1 44.
Nc3 Kf8 45.Nb5 Nxa4 46.Nxa4 Rxa4 47.Nxd6 Rd4 48.Kc3 Rxd5 49.Ne4 Ke7 0-1

[Event "Cto de Aragon  Equipos Cat Preferente"]
[Site "Aragon"]
[Date "2010.01.30"]
[Round "2.58"]
[White "Dominguez Bujeda Jesus"]
[Black "Cebollada Pacheco Jesus Raul"]
[Result "1-0"]
[WhiteElo "2111"]
[BlackElo "1989"]

1.d4 Nf6 2.c4 g6 3.Nc3 Bg7 4.e4 d6 5.f3 O-O 6.Bg5 h6 7.Be3 e5 8.d5 c6 9.Qd2
cxd5 10.cxd5 Kh7 11.Bd3 Ng8 12.Nge2 f5 13.exf5 Bxf5 14.Ng3 Na6 15.O-O Nc5 16.
Bb1 Bxb1 17.Raxb1 a6 18.b4 Nd7 19.Rfc1 Rc8 20.Rc2 Nb6 21.Bxb6 Qxb6+ 22.Qf2 Qd4
23.Nge4 Nf6 24.Rd2 Nxe4 25.Nxe4 Qxf2+ 26.Kxf2 Rfd8 27.Rbb2 Kg8 28.Rbc2 Bf8 29.
Ke3 Kf7 30.Kd3 Ke7 31.Rxc8 Rxc8 32.Rc2 Rxc2 33.Kxc2 Kd7 34.a4 Be7 35.Kd3 Bd8
36.g3 Ke7 37.Nc3 a5 38.b5 Bb6 39.Ke4 Bg1 40.h3 Bf2 41.Ne2 Be1 42.g4 Bf2 43.Nc1
b6 44.Nd3 Bg1 45.Nb2 Kf6 46.Nc4 Bc5 47.f4 exf4 48.Kxf4 Ke7 49.h4 Kf6 50.h5
gxh5 51.gxh5 Bg1 52.Kf3 Bc5 53.Kg4 Bd4 54.Nxd6 Ke5 55.Nf5 Kxd5 56.Nxd4 Kxd4
57.Kf5 Kd5 58.Kg6 Ke6 59.Kxh6 Kf6 60.Kh7 Kf7 61.h6 Kf8 62.Kg6 Kg8 63.Kf6 1-0

[Event "Cto de Aragon  Equipos Cat Preferente"]
[Site "Aragon"]
[Date "2010.01.30"]
[Round "2.59"]
[White "Garcia Andres Daniel"]
[Black "Martin Catalan Juan Vicente"]
[Result "1-0"]
[WhiteElo "1980"]
[BlackElo "2107"]

1.e4 c5 2.Nc3 Nc6 3.f4 g6 4.Nf3 Bg7 5.Bc4 d6 6.O-O e6 7.f5 Ne5 8.Bb5+ Bd7 9.
fxe6 fxe6 10.d3 Bxb5 11.Nxb5 Qd7 12.Nxe5 Bxe5 13.Na3 O-O-O 14.Bg5 Re8 15.c3 h6
16.Be3 Rh7 17.d4 cxd4 18.cxd4 Bf6 19.Qb3 Kb8 20.Rac1 Rc8 21.Rxc8+ Qxc8 22.Nb5
a6 23.Nxd6 Qd7 24.e5 Bg5 25.Rf8+ 1-0